000 00855nas a2200265 4500
001 BR0806124
003 BR-BrBNA
005 20231205112104.0
007 ta
008 230509b bl.|||p| |||| 00| 00por d
040 _aBR-BrBNA
_bpor
_cBiblioteca Nacional de Agricultura
041 _a(Pt)
072 _aL40
100 1 _aPinto, J.P.
100 1 _aTeixeira, L.B.C.
100 1 _aSantos Júnior, A.R. dos
245 1 _aEstudo histopatológico e histoquímico de mastocitomas na região de Espiríto Santo do Pinhal
650 _aHISTOLOGIA ANIMAL
650 _aHISTOPATOLOGIA
650 _aHISTOQUÍMICA
650 _aNEOPLASIA
773 0 _tRevista Acadêmica. Ciências Agrárias e Ambientais (Brazil)
_xISSN 0103-989X
_g(Jul -Sep 2007), v. 5(3) p. 265-276
_wBR0806124
909 _a202311
_bLúcia
_c55
_dLúcia Elande
942 _2AGRIS
_n0
_cANA
999 _c196033
_d196033